[Event "Wloclawek CC Classic 15th"]
[Site "Wloclawek"]
[Date "2016.??.??"]
[Round "4"]
[White "Baumann, Dariusz"]
[Black "Kujawski, Dawid"]
[Result "1-0"]
[WhiteElo "2134"]
[BlackElo "1800"]
[PlyCount "41"]
[EventDate "2016.01.??"]
[EventType "swiss"]
[EventRounds "7"]
[EventCountry "POL"]
[SourceTitle "EXT 2021"]
[Source "ChessBase"]
[SourceDate "2020.10.23"]
[SourceVersion "1"]
[SourceVersionDate "2020.10.23"]
[SourceQuality "1"]

1. d4 d5 2. c4 c6 3. Nf3 Nf6 4. e3 e6 5. b3 Bd6 6. Bd3 0-0 7. 0-0 Nbd7 8. Bb2 Re8 9. Ne5 dxc4 10. bxc4 Qc7 11. f4 c5 12. Nd2 cxd4 13. exd4 g6 14. Ndf3 b6 15. Ng5 Rf8 16. Qf3 Bb7 17. Qh3 Kg7 18. Rae1 Rae8 19. d5 Nc5 20. Ng4 Ncd7 21. Qxh7# 1-0

[Event "Wloclawek CC Classic 11th"]
[Site "Wloclawek"]
[Date "2014.??.??"]
[Round "6"]
[White "Kujawski, Dawid"]
[Black "Kaczynski, Maciej"]
[Result "1-0"]
[WhiteElo "1800"]
[BlackElo "1639"]
[PlyCount "135"]
[EventDate "2014.06.??"]
[EventType "swiss"]
[EventRounds "7"]
[EventCountry "POL"]
[SourceTitle "EXT 2021"]
[Source "ChessBase"]
[SourceDate "2020.10.23"]
[SourceVersion "1"]
[SourceVersionDate "2020.10.23"]
[SourceQuality "1"]

1. e4 g6 2. d4 Bg7 3. Nf3 d6 4. h3 Nf6 5. Nc3 0-0 6. Be2 b6 7. 0-0 Bb7 8. Bd3 c5 9. Re1 Nc6 10. d5 Nb4 11. Bf1 a5 12. a3 Na6 13. Bf4 Nd7 14. Qd2 Ne5 15. Nxe5 dxe5 16. Bh6 Nc7 17. Bxg7 Kxg7 18. Rad1 Qd6 19. Nb1 Rad8 20. c4 Bc8 21. Bd3 e6 22. Qe3 Qe7 23. Qg3 f6 24. Bc2 Rd6 25. Nc3 Rfd8 26. f4 exf4 27. Qxf4 e5 28. Qg3 Rf8 29. Rf1 Ba6 30. Bd3 Qd7 31. a4 Qe8 32. Rf2 Bc8 33. Rdf1 Bd7 34. b3 Na6 35. Nb5 Bxb5 36. axb5 Nb4 37. Bb1 Qa8 38. Qc3 a4 39. bxa4 Qxa4 40. Bc2 Nxc2 41. Rxc2 Ra8 42. Rcc1 Qa3 43. Qxa3 Rxa3 44. Ra1 Rc3 45. Rfc1 Rd3 46. Ra7+ Kh6 47. Rc7 Rd4 48. Rc6 Rd8 49. Rxb6 Rf8 50. Rc6 Rxe4 51. Rxc5 Ra8 52. Rc2 Ra1+ 53. Kh2 Ree1 54. b6 f5 55. Kg3 Rf1 56. b7 Kh5 57. Kh2 f4 58. g4+ Kh4 59. b8Q f3 60. Qd8+ g5 61. Qxg5+ Kxg5 62. Kg3 Ra3 63. h4+ Kg6 64. Rc6+ Kf7 65. Rb2 Rg1+ 66. Kh2 Rg2+ 67. Rxg2 fxg2 68. Kxg2 1-0

[Event "Wloclawek CC Classic 11th"]
[Site "Wloclawek"]
[Date "2014.??.??"]
[Round "5"]
[White "Milecki, Robert"]
[Black "Kujawski, Dawid"]
[Result "0-1"]
[WhiteElo "1509"]
[BlackElo "1800"]
[PlyCount "70"]
[EventDate "2014.06.??"]
[EventType "swiss"]
[EventRounds "7"]
[EventCountry "POL"]
[SourceTitle "EXT 2021"]
[Source "ChessBase"]
[SourceDate "2020.10.23"]
[SourceVersion "1"]
[SourceVersionDate "2020.10.23"]
[SourceQuality "1"]

1. e4 c5 2. Nf3 d6 3. d4 cxd4 4. Nxd4 Nf6 5. Nc3 a6 6. f3 e6 7. Be3 Be7 8. Qd2 Qc7 9. 0-0-0 b5 10. g4 Bb7 11. h4 Nc6 12. h5 Ne5 13. g5 Nfd7 14. b3 Rc8 15. Kb1 Qxc3 16. Qe2 d5 17. f4 Ba3 18. Bc1 Bxc1 19. Rxc1 Qxd4 20. fxe5 Qxe4 21. Qh2 Qxe5 22. Qh4 Qe4 23. Qh2 d4 24. Rg1 0-0 25. Bg2 Qe2 26. Qg3 Bxg2 27. Rxg2 Qe5 28. Qd3 Rc3 29. Qd2 Qc5 30. g6 fxg6 31. hxg6 h6 32. Qe2 e5 33. Qg4 Qd6 34. Kb2 Nf6 35. Qh3 Rxh3 0-1

[Event "Wloclawek CC Classic 03rd"]
[Site "Wloclawek"]
[Date "2012.??.??"]
[Round "2"]
[White "Augustowski, Janusz"]
[Black "Kujawski, Dawid"]
[Result "1-0"]
[WhiteElo "1981"]
[BlackElo "1800"]
[PlyCount "87"]
[EventDate "2012.02.??"]
[EventType "swiss"]
[EventRounds "7"]
[EventCountry "POL"]
[SourceTitle "EXT 2021"]
[Source "ChessBase"]
[SourceDate "2020.10.23"]
[SourceVersion "1"]
[SourceVersionDate "2020.10.23"]
[SourceQuality "1"]

1. Nf3 Nf6 2. b3 d5 3. Bb2 c5 4. g3 Nc6 5. Bg2 e6 6. 0-0 Be7 7. d4 0-0 8. e3 Ne4 9. c4 b6 10. cxd5 exd5 11. Nc3 Nxc3 12. Bxc3 Bf6 13. Qd2 cxd4 14. Nxd4 Nxd4 15. Bxd4 Bxd4 16. Qxd4 Be6 17. Rfd1 Qd7 18. Bxd5 Bxd5 19. Qxd5 Qxd5 20. Rxd5 Rfd8 21. Rad1 Rxd5 22. Rxd5 Kf8 23. Kf1 Ke7 24. Ke2 Rc8 25. Kd2 Ke6 26. Rd4 h5 27. h4 Rc7 28. Rc4 Rd7+ 29. Ke2 g6 30. e4 f6 31. f4 Rd6 32. Ke3 b5 33. Rc5 Ra6 34. Rxb5 Rxa2 35. Rc5 a5 36. f5+ gxf5 37. Rxf5 Ra3 38. Kf4 Rxb3 39. Rxa5 Rb1 40. Rxh5 Kf7 41. Rf5 Kg7 42. e5 Rb4+ 43. Kf3 fxe5 44. Rxe5 1-0

[Event "Wloclawek CC Classic 03rd"]
[Site "Wloclawek"]
[Date "2012.??.??"]
[Round "7"]
[White "Ciuba, Marek"]
[Black "Kujawski, Dawid"]
[Result "0-1"]
[WhiteElo "1600"]
[BlackElo "1800"]
[PlyCount "84"]
[EventDate "2012.02.??"]
[EventType "swiss"]
[EventRounds "7"]
[EventCountry "POL"]
[SourceTitle "EXT 2021"]
[Source "ChessBase"]
[SourceDate "2020.10.23"]
[SourceVersion "1"]
[SourceVersionDate "2020.10.23"]
[SourceQuality "1"]

1. e4 e5 2. Nf3 Nc6 3. Bb5 a6 4. Bxc6 dxc6 5. d4 exd4 6. Qxd4 Qxd4 7. Nxd4 c5 8. Ne2 Nf6 9. f3 Be7 10. Bf4 c6 11. Nbc3 Be6 12. 0-0-0 Nd7 13. Bd6 Bxd6 14. Rxd6 0-0-0 15. Rhd1 g5 16. b3 Kc7 17. h3 h5 18. R6d2 Rhg8 19. Rh1 b5 20. Nd1 Nb6 21. Rxd8 Rxd8 22. Ne3 c4 23. Ng3 h4 24. Ngf5 Bxf5 25. Nxf5 c5 26. Rd1 Rd7 27. Ne3 Rxd1+ 28. Kxd1 cxb3 29. cxb3 Kd6 30. Kd2 Ke5 31. Nf5 a5 32. Kd3 c4+ 33. bxc4 Nxc4 34. Kc3 Nd6 35. Nd4 Kf4 36. a3 f5 37. Nc6 Kg3 38. Nxa5 Kxg2 39. Kd4 Kxh3 40. Kc5 Kg2 41. Kxd6 h3 42. f4 gxf4 0-1

[Event "Wloclawek CC Classic 03rd"]
[Site "Wloclawek"]
[Date "2012.??.??"]
[Round "3"]
[White "Kujawski, Dawid"]
[Black "Glinski, Mateusz"]
[Result "1-0"]
[WhiteElo "1800"]
[BlackElo "1000"]
[PlyCount "37"]
[EventDate "2012.02.??"]
[EventType "swiss"]
[EventRounds "7"]
[EventCountry "POL"]
[SourceTitle "EXT 2021"]
[Source "ChessBase"]
[SourceDate "2020.10.23"]
[SourceVersion "1"]
[SourceVersionDate "2020.10.23"]
[SourceQuality "1"]

1. Nf3 d5 2. d4 Nc6 3. c4 e5 4. cxd5 Qxd5 5. Nc3 Qa5 6. d5 Bb4 7. dxc6 Bxc3+ 8. bxc3 Qxc3+ 9. Bd2 Qxc6 10. Nxe5 Qe6 11. Bc3 Nf6 12. e3 0-0 13. Bc4 Qe7 14. 0-0 b6 15. Qf3 Rb8 16. Nc6 Qc5 17. Bxf6 gxf6 18. Nxb8 Qxc4 19. Rfc1 1-0

[Event "Wloclawek CC Classic 03rd"]
[Site "Wloclawek"]
[Date "2012.??.??"]
[Round "6"]
[White "Kujawski, Dawid"]
[Black "Grochowalski, Pawel"]
[Result "0-1"]
[WhiteElo "1800"]
[BlackElo "2099"]
[PlyCount "68"]
[EventDate "2012.02.??"]
[EventType "swiss"]
[EventRounds "7"]
[EventCountry "POL"]
[SourceTitle "EXT 2021"]
[Source "ChessBase"]
[SourceDate "2020.10.23"]
[SourceVersion "1"]
[SourceVersionDate "2020.10.23"]
[SourceQuality "1"]

1. d4 Nf6 2. c4 e6 3. Nf3 Bb4+ 4. Bd2 Qe7 5. a3 Bxd2+ 6. Nbxd2 d6 7. e4 e5 8. dxe5 dxe5 9. Be2 0-0 10. 0-0 a5 11. Qc2 c5 12. Nb1 Nc6 13. Nc3 Nd4 14. Nxd4 exd4 15. Nd5 Nxd5 16. exd5 Bf5 17. Bd3 Bxd3 18. Qxd3 Rfe8 19. Rfd1 Qe2 20. Qb3 Rab8 21. h3 b5 22. Rac1 h6 23. Re1 Qd2 24. Rxe8+ Rxe8 25. Rf1 b4 26. Qa4 Re1 27. Rxe1 Qxe1+ 28. Kh2 d3 29. d6 Qe5+ 30. g3 Qxd6 31. Qe8+ Kh7 32. Qxf7 d2 33. Qf5+ Qg6 34. Qd7 Qc2 0-1

[Event "Wloclawek Portofino Cup"]
[Site "Wloclawek"]
[Date "2009.09.26"]
[Round "6"]
[White "Topic, Stefan"]
[Black "Kujawski, Dawid"]
[Result "0-1"]
[WhiteElo "1600"]
[BlackElo "1600"]
[PlyCount "48"]
[EventDate "2009.09.24"]
[EventType "swiss"]
[EventRounds "9"]
[EventCountry "POL"]
[SourceTitle "EXT 2018"]
[Source "ChessBase"]
[SourceDate "2017.10.13"]
[SourceVersion "1"]
[SourceVersionDate "2017.10.13"]
[SourceQuality "1"]

1. Nf3 Nf6 2. g3 d5 3. Bg2 e6 4. 0-0 c5 5. d4 Nc6 6. Bg5 Be7 7. Ne5 Nxd4 8. e3 Nc6 9. Nxc6 bxc6 10. c4 0-0 11. cxd5 cxd5 12. Nc3 Rb8 13. b3 h6 14. Bxf6 Bxf6 15. Rc1 Qa5 16. Qc2 Ba6 17. Rfd1 Rfc8 18. Ne2 c4 19. Nf4 cxb3 20. Qxb3 Rxb3 21. axb3 Rxc1 22. Rxc1 Qa3 23. Rc7 Qa1+ 24. Bf1 Qxf1# 0-1

[Event "Wloclawek Portofino Cup"]
[Site "Wloclawek"]
[Date "2009.09.25"]
[Round "4"]
[White "Kujawski, Dawid"]
[Black "Szarfemberg, Pawel"]
[Result "1-0"]
[WhiteElo "1600"]
[BlackElo "1400"]
[PlyCount "61"]
[EventDate "2009.09.24"]
[EventType "swiss"]
[EventRounds "9"]
[EventCountry "POL"]
[SourceTitle "EXT 2018"]
[Source "ChessBase"]
[SourceDate "2017.10.13"]
[SourceVersion "1"]
[SourceVersionDate "2017.10.13"]
[SourceQuality "1"]

1. e4 e5 2. Nf3 Nc6 3. d4 exd4 4. Nxd4 Nge7 5. Bc4 g6 6. c3 Bg7 7. 0-0 0-0 8. Be3 b6 9. f4 Bb7 10. Nd2 Kh8 11. N2f3 Nxd4 12. Bxd4 d5 13. Bxg7+ Kxg7 14. Qd4+ Kg8 15. exd5 Bxd5 16. Bxd5 Qxd5 17. Rfe1 Qxd4+ 18. Nxd4 Nd5 19. g3 c5 20. Nf3 a5 21. Re5 Rad8 22. Rd1 Nf6 23. Rxd8 Rxd8 24. Re7 Rd7 25. Re2 Kg7 26. Ne5 Re7 27. Rd2 Re6 28. Rd8 h5 29. Rb8 a4 30. Rb7 Rxe5 31. fxe5 1-0

[Event "Wloclawek Portofino Cup"]
[Site "Wloclawek"]
[Date "2009.09.25"]
[Round "3"]
[White "Kulinski, Krzysztof"]
[Black "Kujawski, Dawid"]
[Result "1-0"]
[WhiteElo "2099"]
[BlackElo "1600"]
[PlyCount "97"]
[EventDate "2009.09.24"]
[EventType "swiss"]
[EventRounds "9"]
[EventCountry "POL"]
[SourceTitle "EXT 2018"]
[Source "ChessBase"]
[SourceDate "2017.10.13"]
[SourceVersion "1"]
[SourceVersionDate "2017.10.13"]
[SourceQuality "1"]

1. d4 Nf6 2. c4 e6 3. Nf3 d5 4. g3 Be7 5. Bg2 0-0 6. 0-0 b6 7. b3 Bb7 8. Bb2 Nbd7 9. Nc3 c5 10. e3 dxc4 11. bxc4 cxd4 12. exd4 Qc7 13. Nd2 Bxg2 14. Kxg2 Qc6+ 15. Kg1 Rfd8 16. Qe2 Rac8 17. d5 Qd6 18. Nb5 Qb8 19. dxe6 fxe6 20. Qxe6+ Kf8 21. Nf3 Nc5 22. Qh3 Kg8 23. Rfe1 Qb7 24. Nbd4 Nd3 25. Qe6+ Kf8 26. Ne5 Nxe5 27. Qxe5 Bc5 28. Ne6+ Kg8 29. Nxd8 Rxd8 30. Qe6+ Qf7 31. Bxf6 gxf6 32. Rad1 Rf8 33. Rd7 Qxe6 34. Rxe6 a5 35. Kg2 Rf7 36. Re8+ Kg7 37. Rxf7+ Kxf7 38. Rh8 Kg7 39. Rc8 Kf7 40. f4 Kg6 41. g4 h5 42. h3 hxg4 43. hxg4 Bd4 44. Kf3 Bg1 45. Rc6 Kf7 46. Ke4 Ke7 47. Kf5 Bd4 48. Re6+ Kf7 49. a4 1-0